000 01304nam a2200361 i 4500
001 sjds2145914
003 sjds
005 20190624233519.0
008 180129s2018 enka c 001 0 spa d
020 _a9781465473745
035 _a(PWmBRO)BRDbd18029022
035 _a2070927
035 _a2070927
040 _beng
_erda
_csjds
041 1 _aspa
_heng
130 0 _aHuman body.
_lSpanish.
245 1 0 _aCuerpo humano /
_credaccion, Anna Claybourne, John Farndon, John Friend, Nicola Temple ; ilustraciones, Arran Lewis ; ilustraciones adicionales, Michael Parkin, Maltings Partnership ; traduccion, Ruben Giro i Anglada.
246 1 _iAt head of title:
_aDK
250 _aPrimera edicion.
260 _aLondon :
_bDorling Kindersley Limited
_c2018.
264 1 _aLondon :
_bDorling Kindersley Limited,
_c2018.
300 _a208 pages :
_billustrations (some color) ;
_c31 cm
336 _atext
_btxt
_2rdacontent
337 _aunmediated
_bn
_2rdamedia
338 _avolume
_bnc
_2rdacarrier
500 _aIncludes index.
521 1 _a8-12
_bBrodart.
650 0 _aHuman body
_vJuvenile literature.
650 0 _aHuman anatomy
_vJuvenile literature.
650 0 _aHuman physiology
_vJuvenile literature.
650 0 _aSpanish language materials
_vJuvenile literature.
942 _cBK
_2ddc
999 _c22445
_d22445